Cerco e tempestade (Record no. 45646)

MARC details
000 -Etiqueta do registo
Valores 00819nam a2200265 4500
010 ## - Número ISBN
ISBN 9789892353722
021 ## - Número do Depósito Legal
Número 494817/22
100 ## - Dados gerais de processamento
Dados gerais 20220317d2022 em y0pory50030103ba
101 1# - Língua de publicação
Língua por
102 ## - País de publicação
País PT
200 1# - Titulo e menção de responsabilidade
Título próprio Cerco e tempestade
Primeira menção de responsabilidade Leigh Bardugo
Outras menções de responsabilidade trad. Raquel Dutra Lopes
205 ## - Menção da edição
Edição 1<U+00AA> ed
210 #9 - Publicação
Local de publicação Alfragide
Nome do editor ASA,
Data de publicação 2022
215 ## - Descrição física 
Paginação / Volumes 386 p.
Outras indicações físicas il.
Dimensões 24 cm
225 2# - Colecção 
Título próprio da colecção 1001 Mundos
Nome de parte ou secção Triologia Grisha
Indicação de volume V.2
304 ## - Nota relativa ao título
Texto de nota Tít. orig.: Siege and storm
675 ## - CDU
Notação 821.111(73)-93"20"
Edição BN
Língua por
675 ## - CDU
Notação 821.111(73)-312.9"20"
Edição BN
Língua por
700 #1 - Autor principal
Apelido Bardugo,
Nome Leigh
Datas 1975-
702 #1 - Autor secundário
Apelido Lopes,
Nome Raquel,
Datas 1983-
Função 730
801 #0 - Fonte de origem
País PT
Agência BN
Regras de catalogação RPC
856 41 - Localização e acesso electrónico 
URL <a href="http://rnod.bnportugal.gov.pt/ImagesBN/winlibimg.aspx?skey=&doc=2095210&img=162805&save=true">http://rnod.bnportugal.gov.pt/ImagesBN/winlibimg.aspx?skey=&doc=2095210&img=162805&save=true</a>
990 ## - Elementos KOHA
Tipo de documento MON
Holdings
Aquisição Empréstimo Código de barras Cota Permissão de empréstimo Tipo de documento Nota relativa ao exemplar
Biblioteca Municipal de Redondo Biblioteca Municipal de Redondo 054141 821.111(73)-9 BAR   MON 2º. v.

Powered by Koha